[Event "14. Sparkassen Open 2015 - Gruppe A"]
[Site "Forchheim"]
[Date "2015.10.04"]
[Round "4.14"]
[White "Süß, Stefan"]
[Black "Bachstein, Dustin"]
[Result "1-0"]
[WhiteElo "2004"]
[BlackElo "2083"]
[PlyCount "91"]
[EventDate "2015.??.??"]
[WhiteTeam "SC Noris-Tarrasch Nürnberg"]
[BlackTeam "SC Erlangen"]

1. Nf3 Nf6 2. c4 g6 3. b4 Bg7 4. Bb2 O-O 5. g3 d6 6. Bg2 e5 7. d3 Bd7 8. O-O
Qc8 9. Re1 Bh3 10. Bh1 h6 11. Qc2 Nc6 12. b5 Ne7 13. Nbd2 Nh5 14. c5 Qe6 15. d4
f5 16. dxe5 dxe5 17. e4 f4 18. Qc4 Rad8 19. Bg2 Bg4 20. Bf1 Qxc4 21. Bxc4+ Kh7
22. Kg2 fxg3 23. fxg3 g5 24. h3 Bc8 25. Re2 g4 26. hxg4 Bxg4 27. Rf2 c6 28. a4
Rf6 29. Rh1 Rff8 30. Rh4 Nf6 31. Nxe5 h5 32. Nf7 Rd7 33. Ne5 Rdd8 34. Nf7 Rd7
35. Nd6 Ng6 36. Rh1 Re7 37. Nf5 Nxe4 38. Nxe4 Rxe4 39. Bd3 Rxa4 40. Nxg7 Rxf2+
41. Kxf2 Ra2 42. Rb1 cxb5 43. Nf5 Ne5 44. Be4 Nd7 45. Nd6+ Kh6 46. Nf7# 1-0

[Event "14. Sparkassen Open 2015 - Gruppe A"]
[Site "Forchheim"]
[Date "2015.10.04"]
[Round "4.15"]
[White "Meulner, Klaus"]
[Black "Haasner, Tom"]
[Result "1-0"]
[WhiteElo "2134"]
[BlackElo "1942"]
[PlyCount "63"]
[EventDate "2015.??.??"]
[WhiteTeam "SW Nürnberg Süd"]
[BlackTeam "SV Bannewitz"]

1. Nf3 c5 2. g3 Nf6 3. c4 d5 4. cxd5 Nxd5 5. Bg2 Nc6 6. Qb3 Nb6 7. d3 e5 8. Ng5
Qc7 9. Nc3 Nd4 10. Nb5 Nxb5 11. Qxb5+ Bd7 12. Qa5 f6 13. Nf3 Be7 14. O-O O-O
15. Bd2 Be6 16. Rfc1 Qd7 17. b3 Rfd8 18. Be1 Nd5 19. Qd2 Rac8 20. Qb2 Bg4 21.
a3 b6 22. b4 b5 23. bxc5 Bxc5 24. Rab1 a6 25. Ba5 Re8 26. d4 Bxf3 27. Bxf3 Bxd4
28. Qb3 e4 29. Rxc8 Rxc8 30. Bxe4 Rc4 31. Bd3 Rc8 32. e4 1-0

[Event "14. Sparkassen Open 2015 - Gruppe A"]
[Site "Forchheim"]
[Date "2015.10.04"]
[Round "4.16"]
[White "Bathray, Johannes"]
[Black "Kolthoff, Siegmund"]
[Result "1/2-1/2"]
[WhiteElo "2154"]
[BlackElo "2077"]
[PlyCount "97"]
[EventDate "2015.??.??"]
[WhiteTeam "SC Böblingen"]
[BlackTeam "Breloher SC"]

1. d4 Nf6 2. c4 g6 3. Nc3 d5 4. cxd5 Nxd5 5. e4 Nxc3 6. bxc3 Bg7 7. Be3 c5 8.
Rc1 Qa5 9. Qd2 cxd4 10. cxd4 Qxd2+ 11. Bxd2 O-O 12. Nf3 Bg4 13. Rc7 Bxf3 14.
gxf3 Bxd4 15. Rxe7 b6 16. Rc7 Be5 17. Rc2 Nd7 18. Bb5 Nc5 19. Ke2 Ne6 20. Be3
Rac8 21. Bc4 Rc7 22. Bb3 Rxc2+ 23. Bxc2 Rd8 24. Bb3 Nf4+ 25. Bxf4 Bxf4 26. Bd5
Rc8 27. Bb3 Rc3 28. h3 Kf8 29. Rd1 Ke7 30. Rd3 Rc5 31. Rd5 Rxd5 32. Bxd5 f6 33.
Kd3 Kd6 34. Kc4 Bd2 35. Bg8 h6 36. Bf7 g5 37. Kb5 Kc7 38. Ka6 Kb8 39. Kb5 Kb7
40. Bd5+ Kc7 41. Ka6 Be1 42. Kxa7 Bxf2 43. Be6 Kd6 44. Bg4 Ke5 45. Ka6 Kf4 46.
Kb5 Kg3 47. Kc4 Kh4 48. Kd3 h5 49. Bf5 1/2-1/2

[Event "14. Sparkassen Open 2015 - Gruppe A"]
[Site "Forchheim"]
[Date "2015.10.04"]
[Round "4.17"]
[White "Koch, Markus"]
[Black "Martin Fernandez, Rodrigo"]
[Result "1-0"]
[WhiteElo "2170"]
[BlackElo "2137"]
[PlyCount "115"]
[EventDate "2015.??.??"]
[WhiteTeam "SC Brett vorm Kopp"]
[BlackTeam "SC Erlangen"]

1. d4 Nf6 2. c4 e6 3. Nc3 Bb4 4. Qc2 O-O 5. a3 Bxc3+ 6. Qxc3 b6 7. Bg5 Bb7 8.
Nf3 d6 9. e3 Nbd7 10. Bd3 Qe8 11. O-O Ne4 12. Bxe4 Bxe4 13. Nd2 Bb7 14. f3 f5
15. b4 Qg6 16. Bh4 Nf6 17. Rae1 Rae8 18. Bxf6 Qxf6 19. c5 e5 20. dxe5 dxe5 21.
a4 Rd8 22. Nc4 Rfe8 23. Rd1 Rxd1 24. Rxd1 Qe6 25. b5 Bd5 26. Nxe5 Bb3 27. Rb1
Ba2 28. Rb2 Qxe5 29. Qxe5 Rxe5 30. cxb6 cxb6 31. Rxa2 Rxe3 32. Kf2 Re7 33. Kg3
Kf7 34. Kf4 Kf6 35. h4 Rc7 36. g4 Rc4+ 37. Kg3 f4+ 38. Kf2 Rb4 39. Ke2 Ke5 40.
Ra3 Rb2+ 41. Kd3 Kd5 42. a5 Rf2 43. axb6 axb6 44. Ra7 Rxf3+ 45. Ke2 Re3+ 46.
Kf2 g6 47. Rxh7 Rg3 48. g5 Kc5 49. Rh6 Kxb5 50. Rxg6 Kc5 51. h5 Rh3 52. h6 f3
53. Rf6 b5 54. Rxf3 Rh5 55. Rg3 b4 56. g6 b3 57. Rxb3 Rxh6 58. g7 1-0

[Event "14. Sparkassen Open 2015 - Gruppe A"]
[Site "Forchheim"]
[Date "2015.10.04"]
[Round "4.18"]
[White "Foermes, Alexander"]
[Black "Lenhardt, Manfred"]
[Result "0-1"]
[WhiteElo "2074"]
[BlackElo "2113"]
[PlyCount "63"]
[EventDate "2015.??.??"]
[WhiteTeam "SK Marburg"]
[BlackTeam "SC Weisse Dame (Berlin)"]

1. c4 e6 2. g3 Nf6 3. Bg2 d5 4. Nf3 Be7 5. O-O O-O 6. d4 c6 7. Qc2 Nbd7 8. Bf4
Ne4 9. Nbd2 f5 10. Ne5 g5 11. Nxd7 Bxd7 12. Be5 Nd6 13. g4 Nf7 14. gxf5 Nxe5
15. fxe6 Bxe6 16. dxe5 dxc4 17. Nxc4 Qd4 18. Rac1 Rad8 19. e3 Qh4 20. Qe4 g4
21. Qc2 Rf5 22. Rfe1 Rh5 23. f4 gxf3 24. Bxf3 Rg5+ 25. Kh1 Rf8 26. Nd2 Kh8 27.
Rg1 Rxg1+ 28. Rxg1 Qf2 29. Be4 Qxe3 30. Bxh7 Bc5 31. Rg3 Qe1+ 32. Kg2 0-1

[Event "14. Sparkassen Open 2015 - Gruppe A"]
[Site "Forchheim"]
[Date "2015.10.04"]
[Round "4.19"]
[White "Weigert, Wilhelm"]
[Black "Schwab, Matthias"]
[Result "1/2-1/2"]
[WhiteElo "2037"]
[BlackElo "2107"]
[PlyCount "110"]
[EventDate "2015.??.??"]
[WhiteTeam "Post Regensburg"]
[BlackTeam "SC Böblingen"]

1. c4 b6 2. Nc3 c5 3. Nf3 Bb7 4. d3 e6 5. e4 d6 6. Be2 Nf6 7. O-O Be7 8. h3 O-O
9. Bf4 Nc6 10. Qd2 Nd4 11. Bd1 Ne8 12. Be3 Bf6 13. Nh2 Nc6 14. f4 Bd4 15. Nf3
e5 16. f5 Nf6 17. Nd5 Nxd5 18. cxd5 Bxe3+ 19. Qxe3 Nd4 20. Nxd4 cxd4 21. Qd2
Rc8 22. f6 Kh8 23. fxg7+ Kxg7 24. Bg4 Rc7 25. Rf5 f6 26. Rh5 Kh8 27. Bf5 Rg8
28. Be6 Rg6 29. Bf5 Rg8 30. Qf2 Rg5 31. Qh4 Qg8 32. Kh1 Ba6 33. Rd1 Rxh5 34.
Qxh5 Qf7 35. Qe2 Qg7 36. Kh2 Qg5 37. Qd2 Qxd2 38. Rxd2 Bb5 39. Kg3 Ba4 40. Bg4
Rc1 41. Be2 Kg7 42. Kh4 a5 43. g4 Bc2 44. g5 Bb1 45. a3 Rg1 46. gxf6+ Kxf6 47.
Bg4 Rf1 48. Kg3 Rg1+ 49. Kf2 Rh1 50. Kg2 Re1 51. Be2 Kg5 52. Kg3 Rg1+ 53. Kf2
Rh1 54. Kg2 Rc1 55. Kg3 Rg1+ 1/2-1/2

[Event "14. Sparkassen Open 2015 - Gruppe A"]
[Site "Forchheim"]
[Date "2015.10.04"]
[Round "4.20"]
[White "Hock, Gerold"]
[Black "Machlin, Maxim"]
[Result "0-1"]
[WhiteElo "2100"]
[BlackElo "2015"]
[PlyCount "118"]
[EventDate "2015.??.??"]
[WhiteTeam "SC Großwelzheim"]
[BlackTeam "Biebertaler SF"]

1. b3 Nf6 2. Bb2 d5 3. f4 Bf5 4. Nf3 e6 5. e3 Nbd7 6. h3 h5 7. g3 c5 8. d3 Qb6
9. Nbd2 Rc8 10. Bg2 c4 11. Bd4 Qa5 12. bxc4 dxc4 13. e4 cxd3 14. cxd3 Bh7 15.
O-O Bc5 16. Bxc5 Nxc5 17. Nb3 Qb6 18. Kh2 O-O 19. Rb1 Nxd3 20. Qxd3 Bxe4 21.
Qd4 Bxb1 22. Qxb6 axb6 23. Rxb1 Rc2 24. a4 Ra8 25. Nbd4 Ra2 26. Rxb6 Nd5 27.
Rb3 R8xa4 28. Nb5 Re4 29. Kg1 Ree2 30. Bf1 Ra1 31. Nbd4 Rea2 32. f5 exf5 33.
Nxf5 Ra3 34. Nd2 Rxb3 35. Nxb3 Rb1 36. Nd2 Rd1 37. Nc4 b5 38. Nce3 Nxe3 39.
Nxe3 Rc1 40. Kf2 b4 41. Ke2 b3 42. Nd1 b2 43. Nxb2 Rc2+ 44. Ke3 Rxb2 45. Be2
Rb3+ 46. Kf4 h4 47. gxh4 Rxh3 48. Kg4 Re3 49. Bf3 Kh7 50. Kf4 Ra3 51. Bd5 Ra4+
52. Kg3 f5 53. Be6 Kg6 54. Bd7 Rd4 55. Bc6 Kf6 56. Be8 Rg4+ 57. Kh3 Ke5 58. Bd7
Rd4 59. Be8 Rd3+ 0-1

[Event "14. Sparkassen Open 2015 - Gruppe A"]
[Site "Forchheim"]
[Date "2015.10.04"]
[Round "4.21"]
[White "Walter, Florian"]
[Black "Imcke, Patrick"]
[Result "1/2-1/2"]
[WhiteElo "2160"]
[BlackElo "2119"]
[PlyCount "38"]
[EventDate "2015.??.??"]
[WhiteTeam "SC Noris-Tarrasch Nürnberg"]
[BlackTeam "SF Katernberg"]

1. c4 e5 2. g3 Nf6 3. Bg2 d5 4. cxd5 Nxd5 5. Nc3 Nb6 6. Nf3 Nc6 7. O-O Be7 8.
d3 Be6 9. Be3 O-O 10. Rc1 f6 11. a3 Qd7 12. Ne4 Nd4 13. Bxd4 exd4 14. Qc2 c6
15. Nfd2 Rfd8 16. Nb3 Bd5 17. Nbc5 Qc8 18. Qd2 Re8 19. Rfe1 h6 1/2-1/2

[Event "14. Sparkassen Open 2015 - Gruppe A"]
[Site "Forchheim"]
[Date "2015.10.04"]
[Round "5.1"]
[White "Wenninger, Philipp"]
[Black "Thinius, Marco"]
[Result "0-1"]
[WhiteElo "2249"]
[BlackElo "2320"]
[PlyCount "146"]
[EventDate "2015.??.??"]
[WhiteTeam "SC Erlangen"]
[BlackTeam "SV Empor Berlin"]

1. d4 Nf6 2. Bg5 e6 3. e4 h6 4. Bxf6 Qxf6 5. c3 d6 6. Nd2 Nd7 7. Ngf3 g6 8. Bc4
Bg7 9. Qe2 a6 10. a4 b6 11. O-O Bb7 12. Ne1 O-O 13. f4 Qe7 14. e5 dxe5 15. fxe5
c5 16. Nef3 cxd4 17. cxd4 Qb4 18. b3 Nb8 19. Rac1 Nc6 20. d5 exd5 21. Bxd5 Nd4
22. Qc4 Ne2+ 23. Qxe2 Bxd5 24. Rce1 b5 25. axb5 axb5 26. Qe3 Ra2 27. h4 Rc2 28.
Ne4 Qxb3 29. Qxb3 Bxb3 30. Nd4 Rb2 31. Nxb3 Rxb3 32. Nf6+ Bxf6 33. Rxf6 Kg7 34.
Rb6 Re8 35. Rb7 Kf8 36. h5 gxh5 37. Rb6 Re6 38. Rb8+ Kg7 39. Rb7 Kf8 40. Rb8+
Kg7 41. Rb7 Kg6 42. Rf1 f6 43. exf6 Rxf6 44. Rd1 Rb2 45. Rd5 Rf5 46. Rb6+ Kg5
47. Rxf5+ Kxf5 48. Rxh6 Kg5 49. Rb6 Rb4 50. Kf2 h4 51. Ke3 Kg4 52. Rg6+ Kf5 53.
Rb6 Ke5 54. Rh6 Kd5 55. Rh5+ Kc6 56. Kd3 Rg4 57. Ke3 b4 58. Kd3 Kb6 59. Rf5
Rxg2 60. Rf4 Kb5 61. Rxh4 Ka4 62. Rh1 Ka3 63. Rb1 b3 64. Ra1+ Kb2 65. Ra8 Kb1
66. Rh8 b2 67. Kc3 Rg3+ 68. Kb4 Rd3 69. Kc4 Ra3 70. Kb4 Ka2 71. Rh2 Ra8 72. Kc4
Ka1 73. Rh8 Rxh8 0-1

[Event "14. Sparkassen Open 2015 - Gruppe A"]
[Site "Forchheim"]
[Date "2015.10.04"]
[Round "5.2"]
[White "Hilverda, Alexander"]
[Black "Seidens, Udo"]
[Result "1-0"]
[WhiteElo "2384"]
[BlackElo "2233"]
[PlyCount "65"]
[EventDate "2015.??.??"]
[WhiteTeam "SC Erlangen"]
[BlackTeam "SK Schweinfurt"]

1. d4 Nf6 2. c4 e6 3. g3 d5 4. Nf3 dxc4 5. Bg2 Be7 6. Qc2 Bd7 7. Ne5 Bc6 8.
Nxc6 Nxc6 9. Qxc4 Nxd4 10. e3 Nc6 11. Bxc6+ bxc6 12. Qxc6+ Nd7 13. O-O O-O 14.
Bd2 Bd6 15. Bc3 Ne5 16. Qe4 f5 17. Qc2 Qe8 18. Nd2 Rb8 19. Rac1 Qh5 20. Bxe5
Bxe5 21. b3 Rf6 22. f4 Rh6 23. Nf3 Bd6 24. Rf2 Rb4 25. Qc6 Rf6 26. Qa8+ Rf8 27.
Qxa7 h6 28. Rc4 Rb6 29. Qa5 g5 30. Ne5 Rfb8 31. Nd7 Qd1+ 32. Rf1 Qd5 33. Nf6+
1-0

[Event "14. Sparkassen Open 2015 - Gruppe A"]
[Site "Forchheim"]
[Date "2015.10.04"]
[Round "5.3"]
[White "Mooser, Stefan"]
[Black "Solonar, Stefan"]
[Result "1/2-1/2"]
[WhiteElo "2148"]
[BlackElo "2346"]
[PlyCount "79"]
[EventDate "2015.??.??"]
[WhiteTeam "PSV Dorfen"]
[BlackTeam "SC Heusenstamm"]

1. e4 c5 2. Nf3 Nc6 3. d4 cxd4 4. Nxd4 e5 5. Nb5 d6 6. N1c3 a6 7. Na3 b5 8. Nd5
Nf6 9. Bg5 Be7 10. Bxf6 Bxf6 11. c4 b4 12. Nc2 Bb7 13. Qf3 a5 14. Be2 Bg5 15.
g3 O-O 16. h4 Bh6 17. Rd1 Rc8 18. Qd3 Ne7 19. Nxe7+ Qxe7 20. O-O Rcd8 21. Ne3
Bxe3 22. Qxe3 Qc7 23. b3 f5 24. exf5 Qc6 25. Rd5 Qc7 26. Rd2 Rxf5 27. Bg4 Rf6
28. Bh3 Rdf8 29. Bg2 Bxg2 30. Kxg2 Qc6+ 31. Rd5 a4 32. Qd2 axb3 33. axb3 Qb7
34. Kg1 Rf3 35. Rxd6 Rxb3 36. Rd7 Qc6 37. Qd5+ Qxd5 38. Rxd5 Rc8 39. Rxe5 Rxc4
40. Rb5 1/2-1/2

[Event "14. Sparkassen Open 2015 - Gruppe A"]
[Site "Forchheim"]
[Date "2015.10.04"]
[Round "5.4"]
[White "De Silva, Joel Niels"]
[Black "Dorst, Johannes"]
[Result "1-0"]
[WhiteElo "2069"]
[BlackElo "2223"]
[PlyCount "121"]
[EventDate "2015.??.??"]
[WhiteTeam "SV Hockenheim"]
[BlackTeam "SK Marburg"]

1. e4 e6 2. d4 d5 3. e5 c5 4. c3 Nc6 5. f4 Bd7 6. Nf3 Nh6 7. Be3 Qb6 8. Qd2 Be7
9. Bd3 cxd4 10. cxd4 Nb4 11. Be2 Bb5 12. Nc3 Bxe2 13. Qxe2 Nf5 14. Bf2 h5 15.
O-O g6 16. a3 Nc6 17. b4 Kf8 18. Na4 Qd8 19. Rac1 Kg7 20. Rc2 a6 21. Rfc1 Qe8
22. Nc5 Bxc5 23. dxc5 Na7 24. Nh4 Ne7 25. Qd3 Qb5 26. Qg3 Nac6 27. Qg5 Rhf8 28.
Qf6+ Kh7 29. Rc3 Ng8 30. Qg5 Nce7 31. Rh3 Qe2 32. Nf3 f6 33. exf6 Nxf6 34. Re1
Qc2 35. Rxe6 Neg8 36. Nd4 Qd1+ 37. Re1 Qg4 38. Ne6 Rfe8 39. Qxg4 Nxg4 40. Bd4
Kh6 41. Bg7+ Kh7 42. Bc3 N8h6 43. Rd3 Nf5 44. h3 Nge3 45. Rexe3 Nxe3 46. Rxe3
Kg8 47. Re5 Re7 48. Kf2 Rae8 49. Ng5 Rxe5 50. Bxe5 Kf8 51. Ke3 Ke7 52. Kd4 Rd8
53. g4 hxg4 54. hxg4 a5 55. Bd6+ Kd7 56. Kxd5 axb4 57. axb4 Ra8 58. Nf3 Ke8 59.
Ne5 g5 60. f5 Ra4 61. f6 1-0

[Event "14. Sparkassen Open 2015 - Gruppe A"]
[Site "Forchheim"]
[Date "2015.10.04"]
[Round "5.5"]
[White "Heidrich, Manfred"]
[Black "Eber, Fabian"]
[Result "1-0"]
[WhiteElo "2348"]
[BlackElo "2064"]
[PlyCount "59"]
[EventDate "2015.??.??"]
[WhiteTeam "SC Forchheim"]
[BlackTeam "SGem Fürth"]

1. e4 c5 2. c3 Nc6 3. d4 cxd4 4. cxd4 d5 5. exd5 Qxd5 6. Nf3 e5 7. Nc3 Bb4 8.
Bd2 Bxc3 9. Bxc3 e4 10. Ne5 Nxe5 11. dxe5 Ne7 12. Qa4+ Bd7 13. Qa3 Qe6 14. Rd1
Nc6 15. Bb5 Qg4 16. O-O O-O-O 17. Rd6 Qg5 18. Qa4 Kb8 19. Qxe4 Bf5 20. Qd5 Be6
21. Qc5 Ne7 22. f4 Qh4 23. Be1 Qg4 24. Rxd8+ Rxd8 25. Qxe7 Rc8 26. Bc3 a6 27.
Qd6+ Ka8 28. Bxa6 Rc6 29. Qd8+ Ka7 30. Bb5 1-0

[Event "14. Sparkassen Open 2015 - Gruppe A"]
[Site "Forchheim"]
[Date "2015.10.04"]
[Round "5.6"]
[White "Braun, Michael"]
[Black "Golda, Harald"]
[Result "1/2-1/2"]
[WhiteElo "2019"]
[BlackElo "2346"]
[PlyCount "124"]
[EventDate "2015.??.??"]
[WhiteTeam "SG Büchenbach/Roth"]
[BlackTeam "SK Schweinfurt"]

1. d4 Nf6 2. c4 e6 3. g3 d5 4. Bg2 Be7 5. Nf3 O-O 6. O-O dxc4 7. Qc2 a6 8. Qxc4
b5 9. Qc2 Bb7 10. Bf4 Nd5 11. Nbd2 Nxf4 12. gxf4 Nc6 13. e3 Nb4 14. Qd1 c5 15.
dxc5 Bxc5 16. Nb3 Rc8 17. Qxd8 Rfxd8 18. Nxc5 Rxc5 19. Nd4 Bxg2 20. Kxg2 g6 21.
a4 Nd3 22. axb5 axb5 23. Kf3 Nxb2 24. Rfb1 Nc4 25. Rxb5 Rxb5 26. Nxb5 Rd2 27.
Nd4 Rb2 28. Rc1 Nd2+ 29. Kg2 Ne4 30. Rc2 Rb7 31. Kf3 Nf6 32. Ra2 Kg7 33. Rc2
Nd5 34. Kg3 Kf6 35. Nf3 Ne7 36. Ng5 Nf5+ 37. Kg2 h6 38. Ne4+ Ke7 39. Nd2 g5 40.
fxg5 hxg5 41. Nf3 f6 42. e4 Nd6 43. e5 Nf5 44. exf6+ Kxf6 45. Re2 Rb3 46. h3
Rb5 47. Ra2 Rc5 48. Rd2 Ra5 49. Rb2 Ra3 50. Re2 Ng7 51. Re3 Ra4 52. Rb3 Nh5 53.
Nh2 Nf4+ 54. Kg3 Ra1 55. Ng4+ Kg6 56. Kh2 Ra8 57. Re3 Rh8 58. Ra3 Rh4 59. Rb3
Nxh3 60. Rxh3 Rxg4 61. Re3 Kf5 62. Kh3 Re4 1/2-1/2

[Event "14. Sparkassen Open 2015 - Gruppe A"]
[Site "Forchheim"]
[Date "2015.10.04"]
[Round "5.7"]
[White "Reis, Gerhard"]
[Black "Süß, Stefan"]
[Result "1-0"]
[WhiteElo "2197"]
[BlackElo "2004"]
[PlyCount "61"]
[EventDate "2015.??.??"]
[WhiteTeam "SW Nürnberg Süd"]
[BlackTeam "SC Noris-Tarrasch Nürnberg"]

1. Nf3 Nf6 2. c4 e6 3. Nc3 d5 4. d4 Be7 5. Bg5 Nbd7 6. e3 O-O 7. cxd5 exd5 8.
Bd3 c6 9. O-O h6 10. Bf4 Re8 11. Qc2 Nf8 12. Rab1 Bd6 13. Bg3 Bxg3 14. hxg3 Qe7
15. b4 Ne4 16. b5 Nxc3 17. Qxc3 Bd7 18. bxc6 bxc6 19. Rb7 Reb8 20. Rfb1 Qd6 21.
Ne5 Be8 22. Qc2 Rc8 23. Bf5 Ne6 24. Bh7+ Kf8 25. Qf5 f6 26. Bg6 Nd8 27. Bxe8
Nxb7 28. Rxb7 Rc7 29. Rxc7 Qxc7 30. Bxc6 Rb8 31. Nd7+ 1-0

[Event "14. Sparkassen Open 2015 - Gruppe A"]
[Site "Forchheim"]
[Date "2015.10.04"]
[Round "5.8"]
[White "Schäfers, Andreas"]
[Black "Meulner, Klaus"]
[Result "1-0"]
[WhiteElo "2037"]
[BlackElo "2134"]
[PlyCount "71"]
[EventDate "2015.??.??"]
[WhiteTeam "SV Koblenz"]
[BlackTeam "SW Nürnberg Süd"]

1. d4 d5 2. c4 c6 3. Nc3 Nf6 4. Nf3 dxc4 5. a4 Bf5 6. e3 e6 7. Bxc4 Bb4 8. O-O
Nbd7 9. Qe2 Bg6 10. Rd1 O-O 11. Bd2 Qe7 12. Rac1 e5 13. dxe5 Nxe5 14. Nxe5 Qxe5
15. f3 Bc5 16. Kh1 Rfe8 17. e4 Nh5 18. Be3 Bd6 19. g3 Nxg3+ 20. hxg3 Qxg3 21.
Qg2 Qh4+ 22. Kg1 Rad8 23. Kf1 Bf4 24. Rxd8 Rxd8 25. Bxf4 Qxf4 26. Re1 Bh5 27.
Be2 g5 28. Rd1 Rxd1+ 29. Bxd1 Bg6 30. Qg4 Qh2 31. Qc8+ Kg7 32. Qxb7 Bh5 33.
Qxa7 Qh3+ 34. Kf2 Qh2+ 35. Ke1 Qxb2 36. Qd4+ 1-0

[Event "14. Sparkassen Open 2015 - Gruppe A"]
[Site "Forchheim"]
[Date "2015.10.04"]
[Round "5.10"]
[White "Auburger, Philipp"]
[Black "Heimrath, Reiner"]
[Result "0-1"]
[WhiteElo "1962"]
[BlackElo "2191"]
[PlyCount "32"]
[EventDate "2015.??.??"]
[WhiteTeam "SC Forchheim"]
[BlackTeam "SC Noris-Tarrasch Nürnberg"]

1. e4 e5 2. Nf3 Nc6 3. Bb5 f5 4. d3 fxe4 5. dxe4 Nf6 6. O-O Bc5 7. Qd3 d6 8. c4
O-O 9. Bxc6 bxc6 10. Nc3 Bg4 11. Na4 Nd7 12. Bg5 Qe8 13. Ne1 Qh5 14. Nxc5 Nxc5
15. Qe3 Be2 16. b4 Ne6 0-1

[Event "14. Sparkassen Open 2015 - Gruppe A"]
[Site "Forchheim"]
[Date "2015.10.04"]
[Round "5.11"]
[White "Köhler, Gerhard"]
[Black "Kast, Joannis"]
[Result "1-0"]
[WhiteElo "2178"]
[BlackElo "2023"]
[PlyCount "91"]
[EventDate "2015.??.??"]
[WhiteTeam "USV VB Halle"]
[BlackTeam "SK Jöhlingen"]

1. c4 c5 2. Nc3 Nf6 3. g3 d5 4. cxd5 Nxd5 5. Bg2 Nc7 6. Qa4+ Qd7 7. Qxd7+ Nxd7
8. d3 e5 9. Nf3 Be7 10. Nd2 Rb8 11. a4 b6 12. Nb5 Nxb5 13. axb5 Bb7 14. Bc6 a5
15. Nc4 Kd8 16. f4 f6 17. Rf1 Ba8 18. Bd2 Kc7 19. Bxd7 Kxd7 20. fxe5 fxe5 21.
Nxe5+ Ke6 22. Nc4 Bd5 23. Bc3 Bxc4 24. dxc4 Bf6 25. Bxf6 gxf6 26. Rd1 Rbd8 27.
e3 Ke5 28. Ke2 Rxd1 29. Rxd1 Ke6 30. Kf3 Rg8 31. g4 Rf8 32. Rd5 Rg8 33. Kf4 Rf8
34. h3 a4 35. Rh5 a3 36. bxa3 Ra8 37. Rxh7 Ra4 38. Rb7 Rxc4+ 39. e4 Rc1 40.
Rxb6+ Kf7 41. a4 c4 42. Ke3 Rd1 43. Rc6 Rd3+ 44. Ke2 Rd4 45. b6 Rxe4+ 46. Kd1
1-0

[Event "14. Sparkassen Open 2015 - Gruppe A"]
[Site "Forchheim"]
[Date "2015.10.04"]
[Round "5.13"]
[White "Steinhart, Christoph"]
[Black "Koch, Markus"]
[Result "1/2-1/2"]
[WhiteElo "2059"]
[BlackElo "2170"]
[PlyCount "92"]
[EventDate "2015.??.??"]
[WhiteTeam "TSV Schönaich"]
[BlackTeam "SC Brett vorm Kopp"]

1. e4 c5 2. c4 b6 3. Nc3 Bb7 4. d3 d6 5. Nge2 Nf6 6. g3 e6 7. Bg2 Nbd7 8. O-O
a6 9. a3 Qc7 10. Rb1 h5 11. h3 Be7 12. b4 Rd8 13. f4 g6 14. Qb3 cxb4 15. axb4
Rc8 16. Be3 Bd8 17. Rfc1 Qb8 18. Nd4 O-O 19. Nf3 Re8 20. Qa2 b5 21. cxb5 axb5
22. Ba7 Qa8 23. Qf2 Nc5 24. Bxc5 dxc5 25. Nxb5 cxb4 26. Rxc8 Bxc8 27. Nd6 Rf8
28. Nxc8 Qxc8 29. Rxb4 Qc3 30. Qd4 Qc1+ 31. Kh2 Be7 32. Rc4 Qa3 33. Ra4 Qc1 34.
Rc4 Qa3 35. Ne5 Rd8 36. Qc3 Qxc3 37. Rxc3 h4 38. Nc6 hxg3+ 39. Kxg3 Rd7 40.
Nxe7+ Rxe7 41. d4 Rd7 42. Rd3 Kf8 43. Kf3 Ke7 44. Ke3 Ra7 45. Bf3 Ra2 46. Rd2
Ra3+ 1/2-1/2

[Event "14. Sparkassen Open 2015 - Gruppe A"]
[Site "Forchheim"]
[Date "2015.10.04"]
[Round "5.14"]
[White "Ulusoy, Tolga"]
[Black "Schulz, Lukas"]
[Result "1-0"]
[WhiteElo "2084"]
[BlackElo "2167"]
[PlyCount "53"]
[EventDate "2015.??.??"]
[WhiteTeam "SC Noris-Tarrasch Nürnberg"]
[BlackTeam "SC Höchstadt/Aisch"]

1. e4 Nc6 2. Nf3 f5 3. exf5 d5 4. d4 Bxf5 5. Bd3 e6 6. O-O Qd7 7. Bxf5 exf5 8.
Re1+ Nge7 9. Ng5 g6 10. Nc3 Nd8 11. Bf4 h6 12. Nf3 Nf7 13. Ne5 Nxe5 14. Bxe5
Rh7 15. Qe2 c6 16. Na4 b6 17. b3 O-O-O 18. c4 dxc4 19. bxc4 c5 20. Nc3 cxd4 21.
Nb5 Nc6 22. Qf3 Qb7 23. Bf6 a6 24. Bxd8 Kxd8 25. Re6 Na5 26. Nxd4 Qxf3 27. Nxf3
1-0

[Event "14. Sparkassen Open 2015 - Gruppe A"]
[Site "Forchheim"]
[Date "2015.10.04"]
[Round "5.15"]
[White "Eiber, Manfred"]
[Black "Kolthoff, Siegmund"]
[Result "1-0"]
[WhiteElo "2154"]
[BlackElo "2077"]
[PlyCount "68"]
[EventDate "2015.??.??"]
[WhiteTeam "SW Nürnberg Süd"]
[BlackTeam "Breloher SC"]

1. d4 Nf6 2. Bg5 e6 3. e4 h6 4. Bxf6 Qxf6 5. c3 d6 6. Bc4 g6 7. Ne2 Bg7 8. O-O
O-O 9. f4 Qd8 10. Ng3 d5 11. exd5 exd5 12. Bb3 f5 13. Nd2 b6 14. Nf3 Bb7 15.
Ne5 Kh7 16. Qf3 Nd7 17. Bc2 Nxe5 18. fxe5 c5 19. Ne2 cxd4 20. cxd4 Rc8 21. Bd3
b5 22. Kh1 Qb6 23. h4 h5 24. Rad1 Bh6 25. Bb1 b4 26. Nf4 Bxf4 27. Qxf4 Rc4 28.
Rf2 Bc8 29. g4 hxg4 30. h5 Kg7 31. Qg5 Rc6 32. Qe7+ Kg8 33. h6 Rf7 34. Qe8+ Rf8
1-0

[Event "14. Sparkassen Open 2015 - Gruppe A"]
[Site "Forchheim"]
[Date "2015.10.04"]
[Round "5.16"]
[White "Bachstein, Dustin"]
[Black "Weigert, Wilhelm"]
[Result "0-1"]
[WhiteElo "2083"]
[BlackElo "2037"]
[PlyCount "54"]
[EventDate "2015.??.??"]
[WhiteTeam "SC Erlangen"]
[BlackTeam "Post Regensburg"]

1. d4 Nf6 2. c4 c5 3. d5 b5 4. cxb5 a6 5. bxa6 Bxa6 6. Nc3 d6 7. Nf3 g6 8. g3
Bg7 9. Bg2 Nbd7 10. O-O Nb6 11. Rb1 O-O 12. b3 Ra7 13. Ne1 Qa8 14. Nc2 Bb7 15.
e4 Nfd7 16. Qd2 Ba6 17. Rd1 Ne5 18. Bb2 Rb8 19. Ba1 Bd3 20. f4 Bxc2 21. Qxc2
Ng4 22. Qe2 Bd4+ 23. Rxd4 cxd4 24. Qxg4 dxc3 25. Bxc3 Rxa2 26. Rc1 Qa3 27. Qd1
Rc8 0-1

[Event "14. Sparkassen Open 2015 - Gruppe A"]
[Site "Forchheim"]
[Date "2015.10.04"]
[Round "5.17"]
[White "Fischer, Gerd"]
[Black "Bathray, Johannes"]
[Result "1/2-1/2"]
[WhiteElo "2096"]
[BlackElo "2154"]
[PlyCount "142"]
[EventDate "2015.??.??"]
[WhiteTeam "FC Gunzenhausen"]
[BlackTeam "SC Böblingen"]

1. e4 c5 2. f4 d5 3. e5 Nc6 4. Nf3 Bg4 5. Be2 e6 6. d3 Nge7 7. c3 Nf5 8. O-O
Be7 9. Na3 O-O 10. Nc2 d4 11. Nfxd4 Bxe2 12. Nxe2 Qd5 13. Ne3 Nxe3 14. Bxe3
Rfd8 15. Nc1 Bf8 16. Qf3 Ne7 17. Nb3 Nf5 18. d4 cxd4 19. Bxd4 Nxd4 20. cxd4 Qd7
21. Rac1 a5 22. Rfd1 b6 23. Rc2 a4 24. Nc1 Rac8 25. Rxc8 Qxc8 26. Qc3 Qb7 27.
Ne2 Rc8 28. Qd3 h6 29. Nc3 Qc6 30. Rc1 a3 31. b3 Qd7 32. Ne2 Bb4 33. Rxc8+ Qxc8
34. Qc4 Qf8 35. Nc3 Bxc3 36. Qxc3 Qa8 37. Qd3 Qc6 38. Kf2 Qc1 39. g3 Qb2+ 40.
Qe2 Qxd4+ 41. Kg2 Qb2 42. Kf3 Qb1 43. Qd2 h5 44. Ke3 Qg1+ 45. Qf2 Qc1+ 46. Qd2
Qb1 47. Qd8+ Kh7 48. Qd3+ Qxd3+ 49. Kxd3 h4 50. Kc4 Kg6 51. Kb5 Kf5 52. Kxb6 h3
53. Kc5 Ke4 54. b4 Kf3 55. Kd4 f5 56. b5 Kg2 57. Ke3 Kxh2 58. Kf2 g5 59. fxg5
f4 60. g4 f3 61. b6 Kh1 62. b7 h2 63. Kg3 f2 64. b8=Q f1=Q 65. Qb7+ Kg1 66.
Qb6+ Kh1 67. Qc6+ Kg1 68. Qc5+ Kh1 69. Qc6+ Kg1 70. Qc5+ Kh1 71. Qc6+ Kg1
1/2-1/2

[Event "14. Sparkassen Open 2015 - Gruppe A"]
[Site "Forchheim"]
[Date "2015.10.04"]
[Round "5.18"]
[White "Schwab, Matthias"]
[Black "Machlin, Maxim"]
[Result "1-0"]
[WhiteElo "2107"]
[BlackElo "2015"]
[PlyCount "49"]
[EventDate "2015.??.??"]
[WhiteTeam "SC Böblingen"]
[BlackTeam "Biebertaler SF"]

1. d4 d5 2. c4 e6 3. Nc3 c6 4. e4 dxe4 5. Nxe4 Bb4+ 6. Nc3 c5 7. Nf3 b6 8. Be3
Na6 9. Ne5 Bb7 10. Qa4+ Ke7 11. Rd1 Qe8 12. Qc2 f6 13. Nf3 Rd8 14. Be2 Kf7 15.
O-O Bxc3 16. Qxc3 Ne7 17. a3 Qc6 18. b4 cxb4 19. axb4 Nd5 20. Qb3 Ndxb4 21. Bd2
Qd6 22. c5 bxc5 23. dxc5 Qb8 24. Bxb4 Bxf3 25. Rxd8 1-0